| Tag |
First Indicator |
Second Indicator |
Subfields |
| LEADER |
00000cam a2200000 4500 |
| 001 |
in00000040714 |
| 005 |
20151007064630.0 |
| 008 |
740822s1961 ne 00000 eng u |
| 010 |
|
|
|a 64036886
|
| 035 |
|
|
|a (OCoLC)00987783
|
| 035 |
|
|
|9 AAE0270AM
|
| 040 |
|
|
|c TOL
|d TXA
|d UtOrBLW
|
| 049 |
|
|
|a TXAM
|c [357695]
|
| 050 |
0 |
0 |
|a HD9000.5
|b .G75
|
| 092 |
|
|
|a 338.19
|b G874i
|
| 100 |
1 |
|
|a Groenveld, Douwe,
|d 1908-
|
| 245 |
1 |
0 |
|a Investment for food.
|
| 264 |
|
1 |
|a Amsterdam :
|b North-Holland Pub. Co.,
|c 1961.
|
| 300 |
|
|
|a 146 pages
|
| 336 |
|
|
|a text
|b txt
|2 rdacontent
|
| 337 |
|
|
|a unmediated
|b n
|2 rdamedia
|
| 338 |
|
|
|a volume
|b nc
|2 rdacarrier
|
| 650 |
|
0 |
|a Food supply.
|
| 650 |
|
0 |
|a Agriculture
|x Economic aspects.
|
| 999 |
|
|
|a MARS
|
| 999 |
f |
f |
|s b68259f1-9724-3e36-9478-589656a1540a
|i f2b2c3af-a1df-3cba-a8e3-3746935e04c3
|t 0
|
| 952 |
f |
f |
|p ric
|a Texas A&M University
|b Rellis Campus
|c Joint Library Facility
|d Remote Storage
|t 0
|e HD9000.5 .G75
|h Library of Congress classification
|i unmediated -- volume
|m A14800761734
|
| 998 |
f |
f |
|a HD9000.5 .G75
|t 0
|l Remote Storage
|